Equipes en Orange - Statistiques

Statistiques générales
  • Ce quiz a été pris 19 fois
  • Le résultat moyen est 4 sur 10
Statistiques - réponses
Par images Réponse % Correct
FC Lorient
78%
Shakhtar Donetsk
78%
Stade Lavallois
78%
Flyers de Philadelphie
44%
Bengals de Cincinnati
33%
Le Mans Sarthe Basket
28%
Orioles de Baltimore
22%
Luton Town FC
17%
Racing Club Narbonnais
11%
Broncos de Denver
6%
Aucun quiz correspondant
Distribution des résultats
% des personnes avec chaque résultat
Percentile par nombre de réponses
Votre historique - résultats
Vous n’avez pas pris ce quiz